Statistics for Outlines of Country Land Borders #3

Click here to take the quiz!

General Stats

  • This quiz has been taken 142 times
  • The average score is 4 of 6

Answer Stats

Country% Correct
Senegal
95%
Togo
80%
Portugal
67%
Finland
52%
North Korea
32%
Indonesia
30%

Score Distribution

Percentile by Number Answered

Percent of People with Each Score

Your Score History

You have not taken this quiz